| 000 | 00358nam a2200121Ia 4500 | ||
|---|---|---|---|
| 008 | 231228s2010 xx 000 0 und d | ||
| 041 | _aeng | ||
| 082 |
_a005.2762 _bSHE |
||
| 100 | _aSHELDON (Bill)/ HOLLIS (Billy) | ||
| 245 | _aProfessional Visual Basic 2010 and .NET 4 | ||
| 260 |
_aNew Delhi _bWiley India Pvt. Ltd. New Delhi _c2010 |
||
| 300 | _axvi, 1276 | ||
| 999 |
_c1137918 _d1137918 |
||